|
|
|
|
| LEADER |
00725Cam#a2200241#a#4500 |
| 001 |
021861 |
| 005 |
20250214144311.0 |
| 008 |
100812s1999||||pe # f## #000|1#spa#d |
| 020 |
|
|
|a 9972400840
|
| 040 |
|
|
|a AR-BeUNQ
|
| 082 |
0 |
4 |
|a 868
|2 21
|
| 100 |
1 |
|
|a Bryce Echenique, Alfredo
|
| 245 |
0 |
2 |
|a Permiso para vivir :
|b antimemorias
|c Alfredo Bryce Echenique.
|
| 250 |
|
|
|a 4a. ed.
|
| 260 |
|
|
|a Lima :
|b Peisa,
|c 1999.
|
| 300 |
|
|
|a 464 p. ;
|c 21 cm.
|
| 650 |
|
7 |
|a Literatura (Arte)
|2 spines
|
| 650 |
|
7 |
|a Literatura latinoamericana
|2 ttll
|
| 650 |
|
7 |
|a Memorias
|2 ttll
|
| 651 |
|
7 |
|a Perú
|2 spines
|
| 929 |
|
|
|a DONACION
|b Dardo Paz Quiroz
|d 0,00
|e 20080724
|f PAT0024411
|g 1076 Exp. 827-0387/98
|j 45209
|
| 942 |
|
|
|c LIB
|n 0
|
| 999 |
|
|
|c 21220
|d 96607
|